L'amour de l'art : les musées d'art européens et leur public /

Hlavní autor: Bourdieu, Pierre, 1930-2002
Další autoři: Darbel, Alain, Schnapper, Dominique
Jazyk: Francouzština
Vydáno: Paris : Éditions de Minuit, 1997
Vydání: 2. éd. rev. et augm.
Edice: Sens commun
Témata:
Fyzický popis: 251 s. ; 22 cm
Knihy
Uloženo v:
LEADER 01243nam a2200373 a 4500
001 000550545
003 CZ BrMZK
005 20211215104038.0
007 ta
008 000115s1997 fr f 0 fre d
020 |a 2-7073-0028-4 
040 |a BOA001  |b cze 
043 |a e------ 
072 7 |a 069  |x Muzea. Muzeologie. Muzejnictví. Výstavy  |2 Konspekt  |9 12 
080 |a 069  |2 MRF 
080 |a 316:303  |2 MRF 
080 |a (4)  |2 MRF 
080 |a (048.8)  |2 MRF 
100 1 |a Bourdieu, Pierre,  |d 1930-2002  |7 jn20010602372 
245 1 2 |a L'amour de l'art :  |b les musées d'art européens et leur public /  |c Pierre Bourdieu et Alain Darbel ; avec Dominique Schnapper 
250 |a 2. éd. rev. et augm. 
260 |a Paris :  |b Éditions de Minuit,  |c 1997 
300 |a 251 s. ;  |c 22 cm 
490 1 |a Le sens commun 
541 |a Paris, Vivre Livres! 
650 0 7 |a muzejnictví  |7 ph123051  |z Evropa  |2 czenas 
650 0 7 |a sociologický výzkum  |7 ph125750  |2 czenas 
655 7 |a monografie  |7 fd132842  |2 czenas 
700 1 |a Darbel, Alain 
700 1 |a Schnapper, Dominique 
830 0 |a Sens commun 
910 |a BOA001  |b 2-1082.370 
990 |a BK 
996 7 |b 2610129499  |c 2-1082.370  |l MZK  |r Sklad / do 1 hodiny  |n 5  |p dar  |w 000550545  |u 000010  |a 1  |e BOA001  |j MZK50  |s A